[Event "Skakliga 2007-08"]
[Site "Denmark"]
[Date "2007.11.11"]
[Round "2.2"]
[White "Berg, Emanuel"]
[Black "Glud, Jakob Vang"]
[Result "1/2-1/2"]
[WhiteElo "2580"]
[BlackElo "2468"]
[PlyCount "85"]
[EventDate "2007.11.10"]
[EventType "team-tourn"]
[EventRounds "9"]
[EventCountry "DEN"]
[Source "ChessBase"]
[SourceDate "2003.11.25"]
[WhiteTeam "Helsinge"]
[BlackTeam "Jetsmark"]
[WhiteTeamCountry "DEN"]
[BlackTeamCountry "DEN"]

1. e4 e5 2. Nf3 Nf6 3. Nxe5 d6 4. Nc4 Nxe4 5. Qe2 Qe7 6. Ne3 Be6 7. g3 d5 8.
Bg2 c6 9. O-O Nd7 10. Re1 Nd6 11. d4 Nf6 12. Nd2 O-O-O 13. a4 Qd7 14. b4 Nf5
15. c3 Nxe3 16. fxe3 Bg4 17. Qf2 Bh3 18. Bxh3 Qxh3 19. e4 h5 20. e5 Ng4 21. Qg2
Qxg2+ 22. Kxg2 f6 23. h3 Nh6 24. Nf3 Nf5 25. g4 hxg4 26. hxg4 Nh4+ 27. Nxh4
Rxh4 28. Kg3 Rh7 29. Bf4 Be7 30. Rh1 Rdh8 31. Rxh7 Rxh7 32. exf6 gxf6 33. b5
Kd7 34. Rc1 Rg7 35. Kf3 Rh7 36. Kg3 Rg7 37. Kf3 Rh7 38. Bg3 Rf7 39. Bf4 Rh7 40.
Bg3 Rf7 41. Bb8 Rh7 42. Bg3 Rf7 43. Bb8 1/2-1/2

[Event "Skakliga 2007-08"]
[Site "Denmark"]
[Date "2007.11.11"]
[Round "2.3"]
[White "Pedersen, Christian Kyndel"]
[Black "Schandorff, Lars"]
[Result "1/2-1/2"]
[WhiteElo "2406"]
[BlackElo "2525"]
[PlyCount "38"]
[EventDate "2007.11.10"]
[EventType "team-tourn"]
[EventRounds "9"]
[EventCountry "DEN"]
[Source "ChessBase"]
[SourceDate "2003.11.25"]
[WhiteTeam "Jetsmark"]
[BlackTeam "Helsinge"]
[WhiteTeamCountry "DEN"]
[BlackTeamCountry "DEN"]

1. e4 e5 2. Nf3 Nc6 3. Bb5 a6 4. Ba4 Nf6 5. O-O Be7 6. Re1 b5 7. Bb3 d6 8. c3
O-O 9. h3 Na5 10. Bc2 d5 11. Nxe5 dxe4 12. d4 exd3 13. Qxd3 Qxd3 14. Nxd3 Re8
15. a4 Bb7 16. axb5 axb5 17. Bg5 Bd6 18. Rxe8+ Nxe8 19. Nd2 Nc6 1/2-1/2

[Event "Skakliga 2007-08"]
[Site "Denmark"]
[Date "2007.11.11"]
[Round "2.5"]
[White "Jensen, Bjarke"]
[Black "Vaznonis, Vytautas"]
[Result "1-0"]
[WhiteElo "2252"]
[BlackElo "2384"]
[PlyCount "101"]
[EventDate "2007.11.10"]
[EventType "team-tourn"]
[EventRounds "9"]
[EventCountry "DEN"]
[Source "ChessBase"]
[SourceDate "2003.11.25"]
[WhiteTeam "Jetsmark"]
[BlackTeam "Helsinge"]
[WhiteTeamCountry "DEN"]
[BlackTeamCountry "DEN"]

1. e4 e6 2. d4 d5 3. Nc3 Nf6 4. Bg5 Be7 5. e5 Nfd7 6. Bxe7 Qxe7 7. f4 a6 8. Nf3
Nb6 9. Qd2 Bd7 10. h4 Nc6 11. a4 O-O-O 12. b3 Kb8 13. a5 Nc8 14. Na4 N8a7 15.
Nc5 f6 16. b4 fxe5 17. fxe5 Rdf8 18. c3 Be8 19. Qg5 Qf7 20. Bd3 h6 21. Qg4 Nd8
22. Kd2 Bb5 23. Bg6 Qf4+ 24. Qxf4 Rxf4 25. Bd3 Bxd3 26. Nxd3 Rf7 27. Rh3 Nc8
28. Nc5 g6 29. Rb1 Ka7 30. Ra1 Rg8 31. Ke2 Rgg7 32. Nh2 Ne7 33. Ng4 Ng8 34. Rg3
Rf4 35. Nd3 Rff7 36. Rf1 Rxf1 37. Kxf1 g5 38. h5 b6 39. Rf3 bxa5 40. bxa5 Rf7
41. Rxf7 Nxf7 42. Nf6 Ne7 43. Nc5 Nd8 44. Ke2 Nf5 45. g4 Ng7 46. Ng8 Nf7 47.
Ke3 Kb8 48. Nxa6+ Kb7 49. Nc5+ Kc6 50. Ne7+ Kb5 51. a6 1-0

[Event "Skakliga 2007-08"]
[Site "Denmark"]
[Date "2007.11.11"]
[Round "2.6"]
[White "Bekker Jensen, Simon"]
[Black "Helledie, Anders"]
[Result "1/2-1/2"]
[WhiteElo "2389"]
[BlackElo "2121"]
[PlyCount "49"]
[EventDate "2007.11.10"]
[EventType "team-tourn"]
[EventRounds "9"]
[EventCountry "DEN"]
[Source "ChessBase"]
[SourceDate "2003.11.25"]
[WhiteTeam "Helsinge"]
[BlackTeam "Jetsmark"]
[WhiteTeamCountry "DEN"]
[BlackTeamCountry "DEN"]

1. d4 Nf6 2. c4 g6 3. Nc3 Bg7 4. e4 d6 5. Be2 O-O 6. Bg5 Na6 7. f4 c6 8. Nf3
Nc7 9. Bh4 d5 10. e5 Ne4 11. O-O Ne6 12. g3 f6 13. cxd5 cxd5 14. Qb3 Nxc3 15.
bxc3 b6 16. a4 Bh6 17. f5 gxf5 18. Bd3 Ng5 19. exf6 exf6 20. Bxg5 fxg5 21. Ne5
f4 22. g4 Bg7 23. Rae1 Bxe5 24. Rxe5 Bxg4 25. h4 1/2-1/2

[Event "Skakliga 2007-08"]
[Site "Denmark"]
[Date "2007.11.11"]
[Round "2.7"]
[White "Rathlev, Jakob"]
[Black "Bekker Jensen, David"]
[Result "1/2-1/2"]
[WhiteElo "2160"]
[BlackElo "2320"]
[PlyCount "72"]
[EventDate "2007.11.10"]
[EventType "team-tourn"]
[EventRounds "9"]
[EventCountry "DEN"]
[Source "ChessBase"]
[SourceDate "2003.11.25"]
[WhiteTeam "Jetsmark"]
[BlackTeam "Helsinge"]
[WhiteTeamCountry "DEN"]
[BlackTeamCountry "DEN"]

1. d4 Nf6 2. Nf3 g6 3. Bg5 Bg7 4. Nbd2 O-O 5. c3 d5 6. e3 Nbd7 7. Be2 b6 8. b4
Bb7 9. O-O Ne4 10. Nxe4 dxe4 11. Nd2 h6 12. Bh4 g5 13. Bg3 e5 14. Qb3 Kh8 15.
Rad1 Qe7 16. Nc4 Bd5 17. dxe5 c6 18. Qc2 b5 19. Nd6 Nxe5 20. Nf5 Qe6 21. Nxg7
Kxg7 22. Bxe5+ Qxe5 23. c4 Be6 24. Rd4 Rfd8 25. Rfd1 Rxd4 26. Rxd4 a5 27. cxb5
cxb5 28. Qxe4 Qxe4 29. Rxe4 Bxa2 30. bxa5 Rxa5 31. f3 Be6 32. Rb4 Ra1+ 33. Kf2
Ra2 34. Kf1 Ra1+ 35. Kf2 Ra2 36. Kf1 Ra1+ 1/2-1/2

[Event "Skakliga 2007-08"]
[Site "Denmark"]
[Date "2007.11.11"]
[Round "2.8"]
[White "Lauridsen, Jesper Morch"]
[Black "Rasmussen, Henning Lau"]
[Result "1/2-1/2"]
[WhiteElo "2261"]
[BlackElo "2104"]
[PlyCount "94"]
[EventDate "2007.11.10"]
[EventType "team-tourn"]
[EventRounds "9"]
[EventCountry "DEN"]
[Source "ChessBase"]
[SourceDate "2003.11.25"]
[WhiteTeam "Helsinge"]
[BlackTeam "Jetsmark"]
[WhiteTeamCountry "DEN"]
[BlackTeamCountry "DEN"]

1. e4 c6 2. d4 d5 3. exd5 cxd5 4. c4 Nf6 5. Nc3 Nc6 6. Nf3 Bg4 7. cxd5 Nxd5 8.
Qb3 Bxf3 9. gxf3 Nb6 10. d5 Nd4 11. Bb5+ Nxb5 12. Nxb5 a6 13. Nc3 Qc7 14. Be3
Nc8 15. d6 Nxd6 16. Nd5 Qa5+ 17. Bd2 Qd8 18. Nb6 Rb8 19. Bf4 f6 20. Bxd6 Qxd6
21. O-O Rd8 22. Rfd1 Qc7 23. Nd5 Qb8 24. Rac1 Rd7 25. Qa4 b5 26. Qg4 Rxd5 27.
Rxd5 Kf7 28. Rc8 Qb6 29. Rdd8 Qa5 30. Qh5+ g6 31. Rxf8+ Kg7 32. Rf7+ Kxf7 33.
Qd5+ Kg7 34. Rxh8 Kxh8 35. Qf7 Qd8 36. h4 a5 37. Kg2 e5 38. Kg3 b4 39. b3 f5
40. Kh3 f4 41. Kg4 h5+ 42. Kh3 Qc8+ 43. Kg2 Qf5 44. Qe8+ Kg7 45. Qe7+ Kh6 46.
Qd8 g5 47. Qh8+ Kg6 1/2-1/2

[Event "Skakliga 2007-08"]
[Site "Denmark"]
[Date "2007.11.11"]
[Round "2.2"]
[White "Pedersen, Nicolai Vesterbaek"]
[Black "Wiwe, Andreas"]
[Result "1-0"]
[WhiteElo "2454"]
[BlackElo "2169"]
[PlyCount "107"]
[EventDate "2007.11.10"]
[EventType "team-tourn"]
[EventRounds "9"]
[EventCountry "DEN"]
[Source "ChessBase"]
[SourceDate "2003.11.25"]
[WhiteTeam "Aalborg"]
[BlackTeam "Nordre"]
[WhiteTeamCountry "DEN"]
[BlackTeamCountry "DEN"]

1. d4 f5 2. Nc3 Nf6 3. Bg5 d5 4. Bxf6 exf6 5. e3 Be6 6. Bd3 Nc6 7. Nge2 Qd7 8.
a3 g6 9. b3 Bf7 10. O-O Bh6 11. Na4 O-O 12. Nc5 Qc8 13. c4 Ne7 14. Nc3 c6 15.
cxd5 Nxd5 16. Nxd5 Bxd5 17. Bc4 Rf7 18. Bxd5 cxd5 19. Qf3 Qd8 20. Rfc1 Re7 21.
g3 Rc8 22. Nd3 Rec7 23. Rc5 Rxc5 24. dxc5 d4 25. e4 fxe4 26. Qxe4 Qd7 27. Rd1
Bf8 28. b4 b6 29. Rc1 bxc5 30. bxc5 f5 31. Qf3 Qc6 32. Qxc6 Rxc6 33. Rc4 a5 34.
Ra4 Kg7 35. Rxa5 Kf6 36. Ra4 Ke6 37. Kf1 Bxc5 38. Rc4 Kd5 39. Rxc5+ Rxc5 40.
Nxc5 Kxc5 41. Ke2 Kc4 42. Kd2 Kb3 43. Kd3 Kxa3 44. Kxd4 Kb3 45. f4 Kb4 46. Ke5
Kc5 47. Kf6 Kd6 48. Kg7 Ke7 49. Kxh7 Kf7 50. Kh6 Kf6 51. h3 Kf7 52. Kg5 Kg7 53.
h4 Kh7 54. h5 1-0

[Event "Skakliga 2007-08"]
[Site "Denmark"]
[Date "2007.11.11"]
[Round "2.3"]
[White "Petersen, Tom Petri"]
[Black "Luch, Michal"]
[Result "1/2-1/2"]
[WhiteElo "2286"]
[BlackElo "2389"]
[PlyCount "34"]
[EventDate "2007.11.10"]
[EventType "team-tourn"]
[EventRounds "9"]
[EventCountry "DEN"]
[Source "ChessBase"]
[SourceDate "2003.11.25"]
[WhiteTeam "Nordre"]
[BlackTeam "Aalborg"]
[WhiteTeamCountry "DEN"]
[BlackTeamCountry "DEN"]

1. Nf3 Nf6 2. g3 d5 3. Bg2 c6 4. O-O Bg4 5. d4 Bxf3 6. Bxf3 g6 7. c3 Bg7 8. Bf4
O-O 9. Nd2 Nbd7 10. e4 dxe4 11. Nxe4 Nd5 12. Qd2 Nxf4 13. Qxf4 Qb6 14. Qc1 e5
15. dxe5 Nxe5 16. Be2 Rad8 17. Qc2 Rd7 1/2-1/2

[Event "Skakliga 2007-08"]
[Site "Denmark"]
[Date "2007.11.11"]
[Round "2.4"]
[White "Pedersen, Daniel V"]
[Black "Baekgaard, Martin"]
[Result "1-0"]
[WhiteElo "2235"]
[BlackElo "2231"]
[PlyCount "85"]
[EventDate "2007.11.10"]
[EventType "team-tourn"]
[EventRounds "9"]
[EventCountry "DEN"]
[Source "ChessBase"]
[SourceDate "2003.11.25"]
[WhiteTeam "Aalborg"]
[BlackTeam "Nordre"]
[WhiteTeamCountry "DEN"]
[BlackTeamCountry "DEN"]

1. e4 e6 2. d4 d5 3. Nc3 Bb4 4. e5 c5 5. a3 Bxc3+ 6. bxc3 Ne7 7. Qg4 Qc7 8.
Qxg7 Rg8 9. Qxh7 cxd4 10. Ne2 Nbc6 11. f4 Bd7 12. Qd3 dxc3 13. Rg1 Rc8 14. g4
Na5 15. h4 a6 16. h5 Bb5 17. Qf3 Ba4 18. Kd1 d4 19. Ng3 Nc4 20. Rg2 Nd2 21.
Bxd2 cxd2 22. Rxd2 Bxc2+ 23. Ke1 Qc3 24. Qxc3 Rxc3 25. Ne2 Rc8 26. Nxd4 Be4 27.
g5 Nd5 28. Re2 Bd3 29. Rf2 Bxf1 30. Kxf1 Rc4 31. Ne2 b5 32. Kg2 Ke7 33. Kf3 Ra4
34. Rff1 Rc8 35. h6 Kf8 36. Rfc1 Rxc1 37. Rxc1 Rxa3+ 38. Kg4 Ne3+ 39. Kh5 Nc4
40. g6 Rh3+ 41. Kg5 fxg6 42. Kxg6 a5 43. h7 1-0

[Event "Skakliga 2007-08"]
[Site "Denmark"]
[Date "2007.11.11"]
[Round "2.5"]
[White "Hoiberg, Nina"]
[Black "Nielsen, Steffen Slumstrup"]
[Result "0-1"]
[WhiteElo "2183"]
[BlackElo "2226"]
[PlyCount "94"]
[EventDate "2007.11.10"]
[EventType "team-tourn"]
[EventRounds "9"]
[EventCountry "DEN"]
[Source "ChessBase"]
[SourceDate "2003.11.25"]
[WhiteTeam "Nordre"]
[BlackTeam "Aalborg"]
[WhiteTeamCountry "DEN"]
[BlackTeamCountry "DEN"]

1. e4 Nf6 2. e5 Nd5 3. d4 d6 4. Bc4 dxe5 5. dxe5 c6 6. Nc3 e6 7. Nxd5 exd5 8.
Bd3 Nd7 9. Nf3 Nc5 10. Nd4 Nxd3+ 11. Qxd3 Be6 12. f4 c5 13. Nxe6 fxe6 14. f5 c4
15. Qf3 exf5 16. Qxf5 Qb6 17. Bg5 Bb4+ 18. c3 Rf8 19. Qc2 Be7 20. Bxe7 Qe3+ 21.
Kd1 Kxe7 22. Re1 Qg5 23. Qd2 Qxd2+ 24. Kxd2 Rf2+ 25. Re2 Raf8 26. Rae1 Ke6 27.
b4 R8f5 28. a4 h5 29. h3 Rxe2+ 30. Rxe2 Rxe5 31. Rf2 Rg5 32. Ke3 Rg3+ 33. Kd4
Kd6 34. Rd2 g6 35. a5 g5 36. b5 g4 37. hxg4 hxg4 38. a6 b6 39. Rd1 Rxg2 40. Rh1
Rd2+ 41. Ke3 Rd3+ 42. Ke2 Kc5 43. Rh7 Kxb5 44. Rxa7 Rxc3 45. Ra8 Ra3 46. a7 d4
47. Kd2 g3 0-1

[Event "Skakliga 2007-08"]
[Site "Denmark"]
[Date "2007.11.11"]
[Round "2.6"]
[White "Meyer, Lars August"]
[Black "Veng, Johny"]
[Result "1/2-1/2"]
[WhiteElo "2222"]
[BlackElo "2171"]
[PlyCount "23"]
[EventDate "2007.11.10"]
[EventType "team-tourn"]
[EventRounds "9"]
[EventCountry "DEN"]
[Source "ChessBase"]
[SourceDate "2003.11.25"]
[WhiteTeam "Aalborg"]
[BlackTeam "Nordre"]
[WhiteTeamCountry "DEN"]
[BlackTeamCountry "DEN"]

1. d4 Nf6 2. c4 g6 3. Nc3 Bg7 4. e4 d6 5. Be2 O-O 6. Bg5 c5 7. d5 b5 8. cxb5 a6
9. bxa6 h6 10. Be3 Bxa6 11. f3 Nbd7 12. Qd2 1/2-1/2

[Event "Skakliga 2007-08"]
[Site "Denmark"]
[Date "2007.11.11"]
[Round "2.8"]
[White "Nielsen, Jorgen G"]
[Black "Klitgaard, Thomas"]
[Result "1/2-1/2"]
[WhiteElo "2149"]
[BlackElo "2094"]
[PlyCount "84"]
[EventDate "2007.11.10"]
[EventType "team-tourn"]
[EventRounds "9"]
[EventCountry "DEN"]
[Source "ChessBase"]
[SourceDate "2003.11.25"]
[WhiteTeam "Aalborg"]
[BlackTeam "Nordre"]
[WhiteTeamCountry "DEN"]
[BlackTeamCountry "DEN"]

1. d4 Nf6 2. c4 e6 3. Nc3 Bb4 4. e3 b6 5. Bd3 Bb7 6. f3 c5 7. Nge2 cxd4 8. exd4
O-O 9. O-O d5 10. cxd5 Nxd5 11. Nxd5 exd5 12. Bf4 Nc6 13. Rc1 Qf6 14. Qb3 Bd6
15. Bxd6 Qxd6 16. Bb1 g6 17. Rfe1 Rfe8 18. Qd3 Qf6 19. a3 Re7 20. Nc3 Rxe1+ 21.
Rxe1 Nxd4 22. Rd1 Ne6 23. Ba2 Nf4 24. Qd4 Qg5 25. g3 Ne6 26. Qd2 Qxd2 27. Rxd2
d4 28. Ne4 Bxe4 29. fxe4 Ng5 30. Kg2 Nxe4 31. Rxd4 Nf6 32. g4 h6 33. h4 g5 34.
hxg5 hxg5 35. Kf3 Rc8 36. Bb1 Kf8 37. Bf5 Rc7 38. Rd1 Ng8 39. Rd8+ Kg7 40. Bd3
Ne7 41. Ke4 f6 42. Rd6 Kf7 1/2-1/2

[Event "Skakliga 2007-08"]
[Site "Denmark"]
[Date "2007.11.18"]
[Round "3.1"]
[White "Teplyi, Igor"]
[Black "Skytte, Rasmus"]
[Result "1/2-1/2"]
[WhiteElo "2233"]
[BlackElo "2409"]
[PlyCount "39"]
[EventDate "2007.11.10"]
[EventType "team-tourn"]
[EventRounds "9"]
[EventCountry "DEN"]
[Source "ChessBase"]
[SourceDate "2003.11.25"]
[WhiteTeam "Nordre"]
[BlackTeam "Aarhus/Skolerne"]
[WhiteTeamCountry "DEN"]
[BlackTeamCountry "DEN"]

1. e4 c5 2. Nf3 Nc6 3. Bb5 e6 4. c3 Nf6 5. Qe2 Qc7 6. O-O a6 7. Ba4 b5 8. Bc2
e5 9. a4 b4 10. d4 d6 11. dxc5 dxc5 12. Nbd2 Be6 13. Bd3 Nh5 14. Nc4 g6 15. a5
Bxc4 16. Bxc4 Bg7 17. Be3 Nf4 18. Qc2 O-O 19. Bxc5 Rfc8 20. Bb6 1/2-1/2

[Event "Skakliga 2007-08"]
[Site "Denmark"]
[Date "2007.11.18"]
[Round "3.2"]
[White "Rasmussen, Karsten"]
[Black "Wiwe, Andreas"]
[Result "1-0"]
[WhiteElo "2493"]
[BlackElo "2169"]
[PlyCount "45"]
[EventDate "2007.11.10"]
[EventType "team-tourn"]
[EventRounds "9"]
[EventCountry "DEN"]
[Source "ChessBase"]
[SourceDate "2003.11.25"]
[WhiteTeam "Aarhus/Skolerne"]
[BlackTeam "Nordre"]
[WhiteTeamCountry "DEN"]
[BlackTeamCountry "DEN"]

1. d4 d5 2. Nf3 Nf6 3. c4 dxc4 4. e3 e6 5. Bxc4 c5 6. O-O a6 7. a4 Nc6 8. Nc3
cxd4 9. exd4 Be7 10. Bg5 O-O 11. Re1 Nb4 12. Ne5 Bd7 13. Qe2 Be8 14. Rad1 Nbd5
15. Bb3 Rb8 16. Qf3 b5 17. axb5 axb5 18. Bxf6 Nxf6 19. d5 Nxd5 20. Bxd5 exd5
21. Nxd5 Bc5 22. Qf5 Ra8 23. Ng4 1-0

[Event "Skakliga 2007-08"]
[Site "Denmark"]
[Date "2007.11.18"]
[Round "3.3"]
[White "Petersen, Tom Petri"]
[Black "Sorensen, Jan"]
[Result "1/2-1/2"]
[WhiteElo "2286"]
[BlackElo "2423"]
[PlyCount "104"]
[EventDate "2007.11.10"]
[EventType "team-tourn"]
[EventRounds "9"]
[EventCountry "DEN"]
[Source "ChessBase"]
[SourceDate "2003.11.25"]
[WhiteTeam "Nordre"]
[BlackTeam "Aarhus/Skolerne"]
[WhiteTeamCountry "DEN"]
[BlackTeamCountry "DEN"]

1. g3 e5 2. Bg2 Nf6 3. d3 d5 4. Nf3 Bd6 5. O-O O-O 6. Nbd2 Re8 7. e4 c6 8. c3
a5 9. Re1 Bg4 10. h3 Bh5 11. Qc2 Nbd7 12. Nf1 Nc5 13. Nh4 Bf8 14. g4 Bg6 15.
Nxg6 hxg6 16. Be3 dxe4 17. Bxe4 Nd5 18. Ng3 Qh4 19. Bg2 Ne6 20. Qe2 Ndf4 21.
Qf1 Rad8 22. Rad1 Rd7 23. d4 Nxg2 24. Kxg2 exd4 25. Bxd4 Nf4+ 26. Kh2 Red8 27.
Ne2 Nd5 28. Be5 Bd6 29. Bg3 Bxg3+ 30. fxg3 Qg5 31. Qf3 Nf6 32. Rd4 c5 33. Rxd7
Rxd7 34. Nf4 c4 35. Re2 Qc5 36. Qf2 Qxf2+ 37. Rxf2 g5 38. Ng2 Ne4 39. Re2 Nc5
40. Ne1 f6 41. Nf3 Rd1 42. Re8+ Kf7 43. Rc8 b6 44. Rc6 Na4 45. Rxc4 Nxb2 46.
Rc7+ Kg8 47. Nd4 Rd2+ 48. Kg1 Nd3 49. Nf5 Ne5 50. Rxg7+ Kh8 51. Rb7 Nf3+ 52.
Kf1 Nh2+ 1/2-1/2

[Event "Skakliga 2007-08"]
[Site "Denmark"]
[Date "2007.11.18"]
[Round "3.4"]
[White "Rasmussen, Casper Dahl"]
[Black "Baekgaard, Martin"]
[Result "0-1"]
[WhiteElo "2368"]
[BlackElo "2231"]
[PlyCount "90"]
[EventDate "2007.11.10"]
[EventType "team-tourn"]
[EventRounds "9"]
[EventCountry "DEN"]
[Source "ChessBase"]
[SourceDate "2003.11.25"]
[WhiteTeam "Aarhus/Skolerne"]
[BlackTeam "Nordre"]
[WhiteTeamCountry "DEN"]
[BlackTeamCountry "DEN"]

1. Nf3 d5 2. d4 Nf6 3. c4 c6 4. Nc3 dxc4 5. a4 Bf5 6. e3 e6 7. Bxc4 Bb4 8. O-O
O-O 9. Qe2 Nbd7 10. e4 Bg6 11. e5 Nd5 12. Nxd5 cxd5 13. Bd3 Be7 14. g3 Rc8 15.
h4 Qb6 16. Rd1 Nb8 17. Bg5 Nc6 18. Bxe7 Nxe7 19. Kg2 Rc7 20. h5 Bxd3 21. Rxd3
Rfc8 22. Rd2 h6 23. g4 Rc4 24. Ra3 Qa6 25. a5 Rb4 26. Qe3 Qb5 27. Nh4 Rc1 28.
Rdd3 Rc2 29. b3 Nc6 30. g5 hxg5 31. Nf3 g4 32. Ne1 Rb2 33. Qg5 Kf8 34. h6 gxh6
35. Qxh6+ Ke8 36. Qh8+ Kd7 37. Qf8 Re2 38. Qxf7+ Ne7 39. Rd1 Rxb3 40. Nd3 Rxa3
41. Nc5+ Qxc5 42. dxc5 Rf3 43. Qg7 Rfxf2+ 44. Kg3 Rf3+ 45. Kh4 Rh2+ 0-1

[Event "Skakliga 2007-08"]
[Site "Denmark"]
[Date "2007.11.18"]
[Round "3.5"]
[White "Hoiberg, Nina"]
[Black "Boe, Mads"]
[Result "0-1"]
[WhiteElo "2183"]
[BlackElo "2355"]
[PlyCount "78"]
[EventDate "2007.11.10"]
[EventType "team-tourn"]
[EventRounds "9"]
[EventCountry "DEN"]
[Source "ChessBase"]
[SourceDate "2003.11.25"]
[WhiteTeam "Nordre"]
[BlackTeam "Aarhus/Skolerne"]
[WhiteTeamCountry "DEN"]
[BlackTeamCountry "DEN"]

1. e4 c6 2. d4 d5 3. Nc3 dxe4 4. f3 exf3 5. Nxf3 Bf5 6. Bc4 e6 7. O-O Nf6 8.
Ng5 Bg6 9. Bf4 Be7 10. Qd2 O-O 11. Rae1 Nd5 12. Nxd5 cxd5 13. Bb3 Nd7 14. Rf3
Nf6 15. c3 h6 16. Nh3 Ne4 17. Qc1 b5 18. Bc2 b4 19. Bxe4 dxe4 20. Rg3 bxc3 21.
bxc3 Kh7 22. Nf2 f5 23. Rh3 Kg8 24. Nd1 Bf6 25. Qe3 Rc8 26. Kh1 Bh7 27. Qg3 Bg5
28. Bxg5 Qxg5 29. Qd6 f4 30. Qxe6+ Kh8 31. g4 Rce8 32. Qd7 Bg6 33. c4 e3 34.
Nc3 Rd8 35. Qb5 Qxg4 36. Rxh6+ gxh6 37. Qe5+ Kh7 38. Qe7+ Rf7 39. Qxd8 Qf3+ 0-1

[Event "Skakliga 2007-08"]
[Site "Denmark"]
[Date "2007.11.18"]
[Round "3.6"]
[White "Hagen, Andreas Skytte"]
[Black "Veng, Johny"]
[Result "0-1"]
[WhiteElo "2296"]
[BlackElo "2171"]
[PlyCount "84"]
[EventDate "2007.11.10"]
[EventType "team-tourn"]
[EventRounds "9"]
[EventCountry "DEN"]
[Source "ChessBase"]
[SourceDate "2003.11.25"]
[WhiteTeam "Aarhus/Skolerne"]
[BlackTeam "Nordre"]
[WhiteTeamCountry "DEN"]
[BlackTeamCountry "DEN"]

1. c4 Nf6 2. Nc3 g6 3. g3 c6 4. Bg2 Bg7 5. d4 O-O 6. Nf3 d6 7. O-O Nbd7 8. h3
e5 9. e4 Qb6 10. c5 dxc5 11. dxe5 Ne8 12. e6 fxe6 13. Ng5 Ne5 14. f4 Nf7 15.
Nxf7 Bd4+ 16. Kh2 Rxf7 17. e5 Nc7 18. a4 a5 19. Ne4 Nd5 20. Nd6 Rg7 21. h4 Bd7
22. Ra3 Qa7 23. Rb3 Rb8 24. Qe2 b5 25. Bxd5 cxd5 26. Nxb5 Bxb5 27. Rxb5 Rgb7
28. h5 Rxb5 29. axb5 Qd7 30. hxg6 hxg6 31. Kg2 Qf7 32. b3 Qf5 33. Bd2 Qe4+ 34.
Qxe4 dxe4 35. Re1 Rxb5 36. Rxe4 a4 37. bxa4 Rb2 38. Kf3 Rxd2 39. Re1 Ra2 40.
Rb1 Bb2 41. Kg4 c4 42. Kg5 c3 0-1

[Event "Skakliga 2007-08"]
[Site "Denmark"]
[Date "2007.11.18"]
[Round "3.7"]
[White "Danstrup, Niels"]
[Black "Jacobsen, Bo"]
[Result "1/2-1/2"]
[WhiteElo "2097"]
[BlackElo "2317"]
[PlyCount "64"]
[EventDate "2007.11.10"]
[EventType "team-tourn"]
[EventRounds "9"]
[EventCountry "DEN"]
[Source "ChessBase"]
[SourceDate "2003.11.25"]
[WhiteTeam "Nordre"]
[BlackTeam "Aarhus/Skolerne"]
[WhiteTeamCountry "DEN"]
[BlackTeamCountry "DEN"]

1. e4 g6 2. d4 Bg7 3. Nf3 d6 4. h3 Nf6 5. Nc3 O-O 6. Bd3 c6 7. O-O Nbd7 8. Be3
e5 9. Qd2 Re8 10. Rad1 b5 11. a3 a6 12. dxe5 dxe5 13. Rfe1 Bb7 14. b4 a5 15.
Ne2 axb4 16. axb4 Qe7 17. Ng3 Ra2 18. Ra1 Rea8 19. Rxa2 Rxa2 20. Qc3 Ra4 21.
Bd2 Bf8 22. Rb1 h6 23. Qb3 Nb6 24. c4 bxc4 25. Bxc4 Nfd7 26. Bc3 Ra8 27. Be2
Nc8 28. Qb2 Bg7 29. Rd1 Qe6 30. Ra1 Rxa1+ 31. Qxa1 Nd6 32. Qa5 Kh7 1/2-1/2

[Event "Skakliga 2007-08"]
[Site "Denmark"]
[Date "2007.11.18"]
[Round "3.8"]
[White "Christensen, Tobias"]
[Black "Klitgaard, Thomas"]
[Result "1-0"]
[WhiteElo "2321"]
[BlackElo "2094"]
[PlyCount "97"]
[EventDate "2007.11.10"]
[EventType "team-tourn"]
[EventRounds "9"]
[EventCountry "DEN"]
[Source "ChessBase"]
[SourceDate "2003.11.25"]
[WhiteTeam "Aarhus/Skolerne"]
[BlackTeam "Nordre"]
[WhiteTeamCountry "DEN"]
[BlackTeamCountry "DEN"]

1. Nc3 d5 2. e4 d4 3. Nce2 h5 4. Nf3 c5 5. b4 Bg4 6. Ne5 Nf6 7. bxc5 Nc6 8.
Nxc6 bxc6 9. f3 Bc8 10. e5 Nd7 11. Bb2 Nxe5 12. Bxd4 Ng6 13. Bf2 Ba6 14. d4 e5
15. dxe5 Nxe5 16. Qxd8+ Rxd8 17. Nc1 Bxf1 18. Rxf1 Be7 19. Nb3 Bf6 20. Rd1 O-O
21. Rxd8 Rxd8 22. Ke2 h4 23. Rd1 Rxd1 24. Kxd1 h3 25. gxh3 Nxf3 26. Na5 Bd4 27.
Bxd4 Nxd4 28. c3 Ne6 29. Nxc6 a6 30. Kd2 Nxc5 31. Ke3 f6 32. Kd4 Ne6+ 33. Kc4
Kf7 34. Nb4 f5 35. Nxa6 f4 36. Nb4 Ke7 37. a4 f3 38. Nd3 Kd6 39. Nf2 Kc6 40.
Ng4 Kd6 41. a5 Nc7 42. h4 Na6 43. Kd4 Nc5 44. Ke3 Na4 45. Kxf3 Nxc3 46. Kf4 Ke6
47. a6 Nb5 48. Kg5 Ke7 49. Kg6 1-0

[Event "Skakliga 2007-08"]
[Site "Denmark"]
[Date "2007.11.18"]
[Round "3.1"]
[White "Hillarp Persson, Tiger"]
[Black "Hector, Jonny"]
[Result "1-0"]
[WhiteElo "2568"]
[BlackElo "2550"]
[PlyCount "117"]
[EventDate "2007.11.10"]
[EventType "team-tourn"]
[EventRounds "9"]
[EventCountry "DEN"]
[Source "ChessBase"]
[SourceDate "2003.11.25"]
[WhiteTeam "Bronshoj"]
[BlackTeam "Nordkalotten"]
[WhiteTeamCountry "DEN"]
[BlackTeamCountry "DEN"]

1. e4 e5 2. Nf3 Nc6 3. Bb5 a6 4. Ba4 Nf6 5. O-O b5 6. Bb3 Bb7 7. Re1 Bc5 8. c3
d6 9. d4 Bb6 10. Be3 O-O 11. Nbd2 h6 12. h3 Re8 13. d5 Ne7 14. Bxb6 cxb6 15. a4
bxa4 16. Bxa4 Rf8 17. c4 Bc8 18. b4 Ng6 19. Bc6 Rb8 20. c5 b5 21. Qc2 Nh5 22.
cxd6 Qxd6 23. Qc5 Qf6 24. Re3 Nhf4 25. Qa7 Qd6 26. h4 Ne7 27. Rc1 Rd8 28. g3
Nh5 29. Qc5 Qxc5 30. Rxc5 f6 31. Nb3 Kf8 32. Rc1 Rd6 33. Rec3 g6 34. Kg2 Ng7
35. Nbd2 Rb6 36. Nf1 Nxc6 37. dxc6 Ne6 38. Ne3 Nc7 39. Rc5 Be6 40. g4 g5 41.
hxg5 hxg5 42. Nf5 Bxf5 43. gxf5 Ke7 44. Kg3 Kd8 45. Nh2 Ne8 46. c7+ Kc8 47. Ng4
Rd3+ 48. f3 Rb7 49. Rc6 Rxc7 50. Rxc7+ Nxc7 51. Nxf6 Kb7 52. Ng4 Rb3 53. Nxe5
Rxb4 54. Nc6 Rb2 55. Nd8+ Kb8 56. f6 Rd2 57. Rxc7 Rxd8 58. Re7 b4 59. f7 1-0

[Event "Skakliga 2007-08"]
[Site "Denmark"]
[Date "2007.11.18"]
[Round "3.2"]
[White "Ahlander, Bjorn"]
[Black "Pilgaard, Kim"]
[Result "1-0"]
[WhiteElo "2394"]
[BlackElo "2453"]
[PlyCount "77"]
[EventDate "2007.11.10"]
[EventType "team-tourn"]
[EventRounds "9"]
[EventCountry "DEN"]
[Source "ChessBase"]
[SourceDate "2003.11.25"]
[WhiteTeam "Nordkalotten"]
[BlackTeam "Bronshoj"]
[WhiteTeamCountry "DEN"]
[BlackTeamCountry "DEN"]

1. d4 Nf6 2. c4 e6 3. Nc3 c5 4. e3 cxd4 5. exd4 d5 6. Nf3 Bb4 7. cxd5 Nxd5 8.
Bd2 O-O 9. Bd3 Nf6 10. O-O Nc6 11. Bg5 h6 12. Be3 Bd6 13. Qe2 b6 14. Rad1 Nb4
15. Bb1 Ba6 16. Nb5 Rc8 17. Ne5 Bb8 18. a4 Qd5 19. Qd2 Nc6 20. f4 Ne4 21. Qd3
f5 22. Qa3 Nxe5 23. dxe5 Qc6 24. Ba2 Qe8 25. Qb3 Rc6 26. Rc1 Nc5 27. Qc4 Nxa4
28. Qxc6 Bxb5 29. Qxe6+ Qxe6 30. Bxe6+ Kh7 31. Rf2 a6 32. Rc8 Rxc8 33. Bxf5+
Kg8 34. Bxc8 Nc5 35. Rc2 Ba4 36. Rc1 Nd3 37. Be6+ Kf8 38. Rc8+ Ke7 39. Bf5 1-0